000 00566nam a2200241 a 4500
001 nice12345678
003 IN_TiNIC
005 20260116015248.0
008 050524s1963 lona grp 000 0 eng
020 _a
_c100
082 0 0 _a248.4
_bBLA1
100 _aBlamires, Harry
245 _aChristian Mind
260 _aLondon
_bSpck
_c1963
300 _a191p
500 _aincludes index and biblioraphy
505 2 _aForeign Parts 1701-1950
650 _aChristian-Life
700 1 _aBlamires, Harry
902 _bSRS
942 _cBK
999 _c18969
_d18969